01733nas a2200421 a 45000010009000000050017000090080041000260100017000670220028000840350024001120370070001360400059002060410008002650420013002730600013002860800013002990820017003121000006003291010008003352100039003432220051003822450041004332460063004742460038005372460022005752460034005973100012006313620086006435060054007295330075007837760102008587800078009607850087010389060045011259420012011709990017011829520112011991834862220180202092243.0100224d19501960ilumr p o 0 a0eng c a 20112630470 a2375-6799y0888-247921 a(OCoLC)ocn527814167 bAmerican Medical Association, 515 N. State St., Chicago, IL 60610 aFFQbengcFFQdOCLCEdLGGdVRCdTXAdOCLCQdOCLCFdDLC aeng apccadlr 4aW1bA126 a616 JAY14a616 JAY211 a3 aSHM0 aA.M.A. arch. inter. med.b(Online) 0aA.M.A. archives of internal medicineb(Online)00aA.M.A. archives of internal medicine3 aAmerican Medical Association archives of internal medicine3 aAMA archives of internal medicine3 aArch. intern. med3 aArchives of internal medicine aMonthly1 aBegan with: Vol. 86, no. 4 (Oct. 1950); ceased with: vol. 105, no. 6 (June 1960). 3Use copy5MiAaHDLfRestrictions unspecified2star aElectronic reproduction.b[S.l.] :cHathiTrust Digital Library,d2010.08iPrint version:tA.M.A. archives of internal medicinex0888-2479w(DLC) 53039642w(OCoLC)158985900tArchives of internal medicine (1908)w(DLC) 2011263001w(OCoLC)63183660400tArchives of internal medicine (1960)x1538-3679w(DLC) 00227037w(OCoLC)43388654 a7bbbccsercoopduencipf20gn-oclcserc 2ddccBK c41698d41698 00102udc40708PËKGa002b002cPËKGd2018-02-02l0o616 JAYp002-2997528r2018-02-02w2018-02-02yBK